000 00352 a2200133 4500
005 20250625082617.0
082 _a428 JAM
100 _aGUFFEY, M. E.
245 _aEssential of Business Communication.
250 _a8th Ed.
260 _aAustralia,
_bSouth Western,
_c2010.
300 _axxiv, 650p.: ill.; figure, picture
_bIndex
_c28cm
942 _2ddc
_cBKS
999 _c4956
_d4956